| 000 | 01026nam a22003137a 4500 | ||
|---|---|---|---|
| 001 | 3472 | ||
| 003 | FISKH | ||
| 005 | 20250801110331.0 | ||
| 008 | 240307b cb ||||| |||| 00| 0 eng d | ||
| 020 | _a0590316826 | ||
| 040 |
_aFISKH _beng _cFISKH _dFISKH |
||
| 050 | _aPZ8.Y76 | ||
| 082 | _a813.54 | ||
| 100 |
_aYolen, Jane _eauthor |
||
| 245 |
_aHow do dinosaurs say good night? / _cby Jane Yolen |
||
| 250 | _aFirst Scholastic paperback printing, September 2001 | ||
| 260 |
_aNew York : _bScholastic, _c2000 |
||
| 300 |
_a39 unnumbered pages : _bcolor illustrations ; _c31 cm . |
||
| 490 | _aHow Do Dinosaurs...? | ||
| 505 | _aG | ||
| 520 | _aMother and child ponder the different ways a dinosaur can say goodnight, from slamming his tail and pouting to giving a big hug and kiss. | ||
| 521 | 8 |
_a350
_bLexile AD |
|
| 521 | 8 |
_aG
_bRaz-Plus |
|
| 600 |
_2children _vFiction |
||
| 650 |
_adinosuars _vFiction |
||
| 700 |
_aTeague, Mark _eillustrator |
||
| 942 |
_2ddc _cBK _n0 |
||
| 999 |
_c3472 _d3472 |
||